000 01351nam a2200253 a 4500
001 BRCA_8972
005 20190320210457.0
008 060717s1755----sp-#######---#000-0#spa-#
041 _aspa
044 _asp
084 _aBE152
_b.B47 1755
100 1 _aBerruyer, Isaac Joseph
_922281
245 1 0 _aHistoria del pueblo de Dios
_bsegunda parte, sacada solamente de los libros santos, o el sagrado texto de los libros del nuevo testamento, reducido a un cuerpo de historia, desde el nacimiento del messias, hasta el fin de la synagoga, en que se comprende el nacimiento de la iglesia, hechos apostólicos, y principios del pueblo cristiano
_cescrito en el idioma francés por el P. Isaac Joseph Berruter, de la compañía de Jesús, y traducido al español por el P. Antonio Espinosa, de la misma compañía.
260 _aMadrid
_bEn la imprenta de la viuda de Manuel Fernández, y del Supremo Consejo de la Inquisición
_c1755
300 _a[5], 459 p. (t.5)
_c21.7 x 16 cm
500 _aCon privilegio
500 _aEn portada: Tomo V. Primera Edición en Castellano
500 _aEstado físico: presenta encuadernación en pergamino con cintas rotas
650 1 4 _aBiblia
_yObras anteriores a 1800
_922282
650 1 4 _aCrítica e interpretación
_921710
700 1 _aEspinosa, Antonio (S.I.)
_etr.
_922283
902 _aCFM
942 _2lcc
_cB
999 _c8623
_d8623